Super scribbles / (Record no. 8118)

MARC details
000 -LEADER
fixed length control field 00656nam a22002057a 4500
001 - CONTROL NUMBER
control field 8118
003 - CONTROL NUMBER IDENTIFIER
control field FISKH
005 - DATE AND TIME OF LATEST TRANSACTION
control field 20250827110840.0
008 - FIXED-LENGTH DATA ELEMENTS--GENERAL INFORMATION
fixed length control field 250827b cb ||||| |||| 00| 0 eng d
020 ## - INTERNATIONAL STANDARD BOOK NUMBER
International Standard Book Number 9781445484679
040 ## - CATALOGING SOURCE
Original cataloging agency FISKH
Language of cataloging eng
Transcribing agency FISKH
Modifying agency FISKH
082 ## - DEWEY DECIMAL CLASSIFICATION NUMBER
Classification number 741.6
100 ## - MAIN ENTRY--PERSONAL NAME
Personal name Anonymous
245 ## - TITLE STATEMENT
Title Super scribbles /
260 ## - PUBLICATION, DISTRIBUTION, ETC.
Place of publication, distribution, etc. United Kingdom :
Name of publisher, distributor, etc. Parragon Books,
Date of publication, distribution, etc. 2012.
300 ## - PHYSICAL DESCRIPTION
Extent 68 unnumbered pages :
Other physical details color illustrations ;
Dimensions 26 x 29 cm
520 ## - SUMMARY, ETC.
Summary, etc. You're the inventor! Design your very own monsters, pirates, aliens, superheroes, dinosaurs, and robots! Make up your own adventures!
942 ## - ADDED ENTRY ELEMENTS (KOHA)
Source of classification or shelving scheme Dewey Decimal Classification
Koha item type Books
Suppress in OPAC No
Holdings
Withdrawn status Lost status Source of classification or shelving scheme Damaged status Not for loan Collection Home library Current library Shelving location Date acquired Total Checkouts Full call number Barcode Date last seen Copy number Price effective from Koha item type
    Dewey Decimal Classification     Juvenile Fiction Footprints International School Library Network Toul Kork Campus Footprints International School Library Network Toul Kork Campus Librarian's Shelf TK 08/27/2025   ANO 741.6 PZ7 2025-4273 08/27/2025 1 08/27/2025 Books
    Dewey Decimal Classification     Juvenile Fiction Footprints International School Library Network Toul Kork Campus Footprints International School Library Network Toul Kork Campus Librarian's Shelf TK 09/30/2025   ANO 741.6 PZ7 2025-4439 09/30/2025 2 09/30/2025 Books